000 00562nam a22001697a 4500
003 MACL
005 20160722130755.0
008 160722b xxu||||| |||| 00| 0 eng d
040 _cMACL
041 _aHindi
082 _a800 ASH
100 _aअश्‍क, उपेन्‍द्रनाथ
_91810
245 _aचेहरे : अनेक
_cउपेन्‍द्रनाथ अश्‍क
260 _aइलाहाबाद
_bउपासना प्रकाशन
_c2012
650 _aरचनावली
_9163
942 _2ddc
_cHIN
999 _c54660
_d54660